000 00347nam a2200145Ia 4500
008 230917s9999||||xx |||||||||||||| ||und||
040 _e29581
_aMAIN
041 _aEnglish
082 _a294.1 A68O
100 _aAurobindo, Sri
245 0 _aOn the Veda
260 _aPondicherry
_bSri Aurobindo Ashram
_c1956
300 _av, 671 p.
942 _cBK
999 _c80431
_d80431